000 00550nam a2200181 i 4500
001 81373
003 ES-MaACL
005 20241027063059.0
007 t|
008 041104s1909 sp ||||1| spa d
100 1 _aHoyos y Vinent, Antonio de,
_dca. 1885-1940
_964441
245 1 3 _aLa decadencia ;
_bLos emigrantes : (novela) /
_cAntonio de Hoyos y Vinent.
260 _aMadrid :
_b[s.n.,
_c1909] (
_fArtes Gráficas Mateu)
740 4 _aLos emigrantes.
852 _aES-MaACL
_jT-1201-F-6
942 _2udc
999 _c81373
_d81373